Name the movie about these famous people (PICTURE QUIZ) - Statistics

General Stats
  • This quiz has been taken 49 times
  • The average score is 7 of 16
Answer Stats
Picture Answer % Correct
The Iron Lady
91%
The Social Network
89%
Ray
82%
Amadeus
75%
The Kings Speech
68%
Hitchcock
52%
Jackie
48%
Battle of the Sexes
39%
LBJ
36%
The Motorcycle Diaries
27%
The Runaways
16%
Walk the Line
16%
Coal Miner's Daughter
11%
Race
11%
Borg Mcenroe
7%
Schindler's List
7%
No matching quizzes found
Score Distribution
Percent of People with Each Score
Percentile by Number Answered
Your Score History
You have not taken this quiz